Rappers by songs - Statistics

General Stats
  • This quiz has been taken 214 times
  • The average score is 11 of 16
Answer Stats
Hint Answer % Correct
Humble Kendrick Lamar
96%
in da club 50 Cent
95%
SAD! XXXTentacion
92%
Mockingbird Eminem
90%
Highest in the Room Travis Scott
89%
Empire State of Mind Jay-Z
86%
Jimmy Cooks Drake
81%
Heartless Kanye West
81%
She Knows J Cole
69%
Crazy Story Pt. 3 King Von
68%
NY state of mind Nas
63%
Die for you The Weeknd
55%
223’s YNW Melly
53%
Dear Mama Tupac
47%
Lot of Me Lil Tecca
45%
Party up DMX
23%
No matching quizzes found
Score Distribution
Percent of People with Each Score
Percentile by Number Answered
Your Score History
You have not taken this quiz